00319nam a2200121Ia 4500008004100000082001200041100004600053245003000099250000800129260004000137300000800177650001200185191201s2004 xx 000 0 und d a546 COB aCOTTON, F albert, and WILKINSON, Geoffrey 0aBasic Inorganic Chemistry a3rd aN.DelhibJohn Willey and Sonsc2004 a838 aApplied